[Event "DSOL 2021"]
[Site "Germany"]
[Date "2021.03.25"]
[Round "7.4"]
[White "Nanninga, Stephan"]
[Black "Klein, Reinhard"]
[Result "1/2-1/2"]
[WhiteElo "1620"]
[BlackElo "1821"]
[Annotator "NA RC"]
[PlyCount "101"]
[EventDate "2021.01.18"]
[EventType "team-tourn"]
[EventCountry "GER"]
[SourceTitle "playchess.com"]
[Source "ChessBase"]
[SourceQuality "1"]

1. e4 d5 2. exd5 Nf6 3. d4 Nxd5 4. c4 Nf6 5. Nc3 Bf5 6. Nf3 e6 7. Be2 Be7 8. O-O c6 9. Ne5 Nbd7 10. Bf3 O-O 11. h3 h6 12. Bf4 Nxe5 13. dxe5 Nh7 14. Qxd8 Rfxd8 15. Rad1 Ng5 16. Be2 Kf8 17. Rxd8+ Rxd8 18. Rd1 Rxd1+ 19. Bxd1 Bb4 20. Ne2 Bd3 21. b3 Bb1 22. Nc1 Ba3 23. f3 Ke7 24. Kf2 f6 25. exf6+ Kxf6 26. Bd2 Nf7 27. Bc3+ Kg6 28. Ne2 Bc5+ 29. Ke1 Nd6 30. g4 Kf7 31. Kd2 g5 32. Bc2 Bxc2 33. Kxc2 a6 34. Nd4 Bb6 35. Kd3 c5 36. Ne2 Bd8 37. Ng3 Bf6 38. Bd2 Bd4 39. Ne4 Nxe4 40. Kxe4 Kf6 41. a4 Kg6 42. Ba5 Kf6 43. Bd8+ Kg6 44. Bc7 Kf6 45. Bd6 Bf2 46. Be5+ Kf7 47. Bc3 Bg1 48. Bd2 Bh2 49. f4 Kf6 50. Be3 b6 51. a5 1/2-1/2

[Event "DSOL 2021"]
[Site "Germany"]
[Date "2021.03.23"]
[Round "7.4"]
[White "PmSF"]
[Black "Lenze, Thomas"]
[Result "1/2-1/2"]
[WhiteElo "1620"]
[BlackElo "1939"]
[Annotator "TA"]
[PlyCount "35"]
[EventDate "2021.01.18"]
[EventType "team-tourn"]
[EventCountry "GER"]
[SourceTitle "playchess.com"]
[Source "ChessBase"]
[SourceQuality "1"]

1. d4 d5 2. Nf3 Bf5 3. e3 Nf6 4. c4 e6 5. Qb3 Qc8 6. Nc3 c6 7. Nh4 Bg6 8. Nxg6 hxg6 9. Be2 Be7 10. Bd2 Nbd7 11. cxd5 exd5 12. Rc1 Qb8 13. g3 Bd6 14. f4 Nb6 15. a4 Nbd7 16. Qc2 Bb4 17. Bf3 O-O 18. O-O 1/2-1/2

[Event "DSOL 2021"]
[Site "Germany"]
[Date "2021.03.26"]
[Round "7.4"]
[White "Riekenbrauk, Jöerg"]
[Black "Kiss, Tamas"]
[Result "0-1"]
[WhiteElo "1620"]
[BlackElo "1984"]
[Annotator "ChessBase"]
[PlyCount "106"]
[EventDate "2021.01.18"]
[EventType "team-tourn"]
[EventCountry "GER"]
[SourceTitle "playchess.com"]
[Source "ChessBase"]
[SourceQuality "1"]
[WhiteTeam "SV Dinslaken"]
[BlackTeam "SF Essen-Katernberg I"]

1. e4 e5 2. Nf3 Nc6 3. Nc3 Nf6 4. d4 exd4 5. Nxd4 Bb4 6. Nxc6 bxc6 7. Bd3 O-O 8. O-O d5 9. exd5 cxd5 10. h3 c6 11. Qf3 h6 12. Bf4 Bd6 13. a3 a5 14. Bxd6 Qxd6 15. b3 Re8 16. Qg3 Qc5 17. b4 Qd4 18. b5 c5 19. Ne2 Qe5 20. Qxe5 Rxe5 21. c4 d4 22. Ng3 Bb7 23. Rab1 g6 24. Rfe1 Rae8 25. Rxe5 Rxe5 26. Kf1 Nd7 27. Ne2 f5 28. h4 Kf7 29. g3 Nb6 30. Rb2 Be4 31. Nc1 Bf3 32. Nb3 a4 33. Nd2 Bb7 34. Rb1 Kf6 35. Rc1 g5 36. hxg5+ hxg5 37. g4 fxg4 38. Kg1 g3 39. f3 Re3 40. Be4 Bc8 41. Bc6 Bf5 42. Nf1 Rxa3 43. Nxg3 Rc3 44. Rxc3 dxc3 45. Ne2 c2 46. Bd5 Ke5 47. Kf2 Nxd5 48. cxd5 Kxd5 49. Ke3 Kc4 50. b6 Bc8 51. Kd2 Kb3 52. Nc1+ Kb2 53. Nd3+ Kb1 0-1

[Event "DSOL 2021"]
[Site "Germany"]
[Date "2021.03.23"]
[Round "7.4"]
[White "SanChess12"]
[Black "Pfaffenrot, Alexander"]
[Result "1-0"]
[WhiteElo "1620"]
[BlackElo "1620"]
[Annotator "NA RC"]
[PlyCount "105"]
[EventDate "2021.01.18"]
[EventType "team-tourn"]
[EventCountry "GER"]
[SourceTitle "playchess.com"]
[Source "ChessBase"]
[SourceQuality "1"]

1. e4 e5 2. d4 exd4 3. Nf3 Nc6 4. Nxd4 Bc5 5. Be3 Bb6 6. Nc3 d6 7. Be2 Nf6 8. O-O O-O 9. f3 d5 10. Bf2 dxe4 11. Nxc6 bxc6 12. fxe4 Bb7 13. e5 Nd5 14. Nxd5 Qxd5 15. Qxd5 cxd5 16. Rfe1 d4 17. Rad1 Rad8 18. Bc4 Bd5 19. Bxd5 Rxd5 20. c3 d3 21. Bxb6 axb6 22. Rd2 c5 23. c4 Rd4 24. b3 f6 25. e6 Re8 26. Re3 Kf8 27. Kf2 Rd6 28. Rdxd3 Rxd3 29. Rxd3 Rxe6 30. Rd7 h5 31. h4 g6 32. Kf3 Ke8 33. Rg7 f5 34. g3 Kd8 35. Kf4 Re4+ 36. Kf3 Re6 37. a3 Kc8 38. Kf4 Re4+ 39. Kf3 Re6 40. b4 cxb4 41. axb4 Kd8 42. c5 bxc5 43. bxc5 Kc8 44. Kf4 Re4+ 45. Kg5 Rg4+ 46. Kf6 Rxg3 47. Ke5 Re3+ 48. Kd6 f4 49. Rg8+ Kb7 50. c6+ Kb6 51. Rb8+ Ka7 52. c7 Rd3+ 53. Ke5 1-0

[Event "DSOL 2021"]
[Site "Germany"]
[Date "2021.03.26"]
[Round "7.4"]
[White "Stoeckel, Johannes"]
[Black "Koop, Boerge"]
[Result "0-1"]
[WhiteElo "1620"]
[BlackElo "1864"]
[Annotator "NA"]
[PlyCount "60"]
[EventDate "2021.01.18"]
[EventType "team-tourn"]
[EventCountry "GER"]
[SourceTitle "playchess.com"]
[Source "ChessBase"]
[SourceQuality "1"]
[WhiteTeam "SC Weisse Dame"]
[BlackTeam "SC Wrist-Kellinghusen"]

1. Nf3 Nf6 2. c4 e6 3. g3 d5 4. Bg2 c6 5. b3 Bd6 6. O-O O-O 7. d4 Re8 8. Bb2 Nbd7 9. cxd5 exd5 10. Nc3 Nf8 11. Qc2 g6 12. Ne5 Bxe5 13. dxe5 Rxe5 14. e4 d4 15. Rad1 c5 16. Na4 b6 17. f4 Re8 18. f5 Bb7 19. Rfe1 Ng4 20. Bc1 gxf5 21. exf5 Bxg2 22. Qxg2 Qf6 23. Qf3 Ne5 24. Qh5 Nfd7 25. Nb2 Qc6 26. Qg5+ Kh8 27. Qh5 Nf3+ 28. Kf1 Nxe1 29. Qxf7 Qh1+ 30. Kf2 Qg2# 0-1

[Event "DSOL 2021"]
[Site "Germany"]
[Date "2021.03.23"]
[Round "7.4"]
[White "Warmbier, Jöerg"]
[Black "Schulz, Michael"]
[Result "1/2-1/2"]
[WhiteElo "1620"]
[BlackElo "2168"]
[Annotator "TA"]
[PlyCount "47"]
[EventDate "2021.01.18"]
[EventType "team-tourn"]
[EventCountry "GER"]
[SourceTitle "playchess.com"]
[Source "ChessBase"]
[SourceQuality "1"]

1. e4 g6 2. d4 Bg7 3. Nc3 c5 4. Nf3 cxd4 5. Nxd4 Nc6 6. Nb3 a5 7. a4 Nf6 8. Be2 O-O 9. O-O Nb4 10. Bg5 h6 11. Bh4 g5 12. Bg3 d5 13. exd5 Nfxd5 14. Nxd5 Nxd5 15. Bf3 Nf4 16. Bxf4 gxf4 17. Qxd8 Rxd8 18. c3 Be6 19. Nc5 Bd5 20. Rad1 Bxf3 21. gxf3 b6 22. Nd7 Re8 23. Rd5 Ra7 24. Rfd1 1/2-1/2

[Event "DSOL 2021"]
[Site "Germany"]
[Date "2021.03.23"]
[Round "7.4"]
[White "Schmidt, Sandra"]
[Black "Schenk, Felix"]
[Result "0-1"]
[WhiteElo "1616"]
[BlackElo "1363"]
[Annotator "NA RC"]
[PlyCount "116"]
[EventDate "2021.01.18"]
[EventType "team-tourn"]
[EventCountry "GER"]
[SourceTitle "playchess.com"]
[Source "ChessBase"]
[SourceQuality "1"]

1. d4 e6 2. c4 f5 3. Nc3 Nf6 4. Nf3 Bb4 5. Bd2 O-O 6. a3 Bxc3 7. Bxc3 Ne4 8. e3 Nxc3 9. bxc3 b6 10. Be2 Nc6 11. d5 Na5 12. Nd2 Ba6 13. Qa4 exd5 14. cxd5 Bxe2 15. Kxe2 Qe7 16. Rhe1 c6 17. Qb4 c5 18. Qb1 Qe5 19. Qd3 Qxh2 20. Rh1 Qe5 21. Rag1 c4 22. Nxc4 Nxc4 23. Qxc4 Rfc8 24. Qh4 h6 25. Qd4 Qxd4 26. cxd4 Rc2+ 27. Kf3 Rac8 28. g4 fxg4+ 29. Rxg4 Rf8+ 30. Ke4 Kh7 31. Rhg1 Rf7 32. Rf4 Rxf4+ 33. Kxf4 Rxf2+ 34. Ke5 Rf6 35. Rc1 d6+ 36. Ke4 Rf7 37. Rc6 Rd7 38. Kf5 b5 39. Ke6 Rb7 40. Kxd6 a5 41. Rc7 Rb6+ 42. Ke7 b4 43. axb4 axb4 44. d6 b3 45. d7 b2 46. d8=Q b1=Q 47. Qd5 Qb4+ 48. Ke8 Rb8+ 49. Kd7 Qf8 50. Qe4+ Kh8 51. Qe7 Qf5+ 52. Qe6 Qb5+ 53. Qc6 Qf5+ 54. Qe6 Rd8+ 55. Kxd8 Qxe6 56. Re7 Qf6 57. d5 h5 58. d6 Qxd6+ 0-1

[Event "DSOL 2021"]
[Site "Germany"]
[Date "2021.03.25"]
[Round "7.4"]
[White "Nurovic, Semir"]
[Black "Heel, Lorenzo"]
[Result "1-0"]
[WhiteElo "1615"]
[BlackElo "1771"]
[Annotator "NA RC"]
[PlyCount "39"]
[EventDate "2021.01.18"]
[EventType "team-tourn"]
[EventCountry "GER"]
[SourceTitle "playchess.com"]
[Source "ChessBase"]
[SourceQuality "1"]

1. d4 Nf6 2. c4 g6 3. Nc3 Bg7 4. e4 d6 5. Bd3 O-O 6. Nge2 e5 7. d5 Nbd7 8. O-O Ne8 9. Bc2 f5 10. exf5 gxf5 11. Ng3 f4 12. Nf5 Qg5 13. h4 Qf6 14. Qh5 Rf7 15. g4 fxg3 16. Bg5 gxf2+ 17. Rxf2 Qg6 18. Ne7+ Rxe7 19. Bxg6 hxg6 20. Qxg6 1-0

[Event "DSOL 2021"]
[Site "Germany"]
[Date "2021.03.22"]
[Round "7.4"]
[White "Fromme, Simon"]
[Black "Keyser, Robin"]
[Result "0-1"]
[WhiteElo "1593"]
[BlackElo "2070"]
[Annotator "TA"]
[PlyCount "56"]
[EventDate "2021.01.18"]
[EventType "team-tourn"]
[EventCountry "GER"]
[SourceTitle "playchess.com"]
[Source "ChessBase"]
[SourceQuality "1"]

1. e4 c5 2. Nf3 e6 3. d4 cxd4 4. Nxd4 Nc6 5. Nc3 Qc7 6. Be3 a6 7. Qd2 Nf6 8. Be2 Bb4 9. f3 d5 10. a3 Be7 11. exd5 Nxd5 12. Nxd5 exd5 13. Bf4 Qb6 14. O-O-O O-O 15. g4 Re8 16. Rhe1 Na5 17. Qd3 Bd7 18. h4 Rac8 19. Kb1 Bf8 20. Bc1 Nc4 21. Nb3 Ne3 22. Bxe3 Rxe3 23. Qxd5 Be6 24. Qd4 Rxb3 25. cxb3 Qxb3 26. Bc4 Bxc4 27. Qf2 Qa2+ 28. Kc1 Bb3+ 0-1

[Event "DSOL 2021"]
[Site "Germany"]
[Date "2021.03.26"]
[Round "7.4"]
[White "Hartmann, Bernd"]
[Black "Misini, Burhanudin"]
[Result "0-1"]
[WhiteElo "1576"]
[BlackElo "1849"]
[Annotator "NA"]
[PlyCount "30"]
[EventDate "2021.01.18"]
[EventType "team-tourn"]
[EventCountry "GER"]
[SourceTitle "playchess.com"]
[Source "ChessBase"]
[SourceQuality "1"]
[WhiteTeam "SV Walldorf I"]
[BlackTeam "SK Ludwigshafen I"]

1. d4 Nf6 2. c4 g6 3. b3 c5 4. dxc5 Na6 5. Bb2 Nxc5 6. Nf3 Bg7 7. Nc3 Nfe4 8. Qc2 Qa5 9. Rc1 d5 10. Nd2 Nxd2 11. Qxd2 dxc4 12. bxc4 Be6 13. e3 Rd8 14. Qc2 Bf5 15. Qe2 Nd3+ 0-1

[Event "DSOL 2021"]
[Site "Germany"]
[Date "2021.03.22"]
[Round "7.4"]
[White "Du Plessis, Anika"]
[Black "Diehl, Achim"]
[Result "0-1"]
[WhiteElo "1541"]
[BlackElo "2014"]
[Annotator "TA"]
[PlyCount "82"]
[EventDate "2021.01.18"]
[EventType "team-tourn"]
[EventCountry "GER"]
[SourceTitle "playchess.com"]
[Source "ChessBase"]
[SourceQuality "1"]

1. e4 c5 2. Nf3 d6 3. d4 cxd4 4. Nxd4 Nf6 5. Nc3 a6 6. Be2 e5 7. Nf3 Be7 8. O-O Qc7 9. h3 O-O 10. Be3 b5 11. a3 Bb7 12. Nd5 Nxd5 13. exd5 f5 14. Ng5 Bxg5 15. Bxg5 Nd7 16. Qd3 Nb6 17. Rad1 Rac8 18. Rd2 Nc4 19. Qc3 Nxd2 20. Bxd2 Qf7 21. Qb4 Qxd5 22. Bf3 Qf7 23. Bxb7 Qxb7 24. Qxd6 Rcd8 25. Qb4 Rd4 26. Qb3+ Qd5 27. Bc3 Qxb3 28. cxb3 Rd5 29. Re1 Re8 30. a4 e4 31. g3 Rb8 32. Re2 b4 33. Bd2 Rd3 34. Bf4 Rc8 35. Kg2 Rxb3 36. Rd2 Rd3 37. Re2 b3 38. Be5 Rc2 39. Re1 e3 40. Rf1 e2 41. Re1 Rd1 0-1

[Event "DSOL 2021"]
[Site "Germany"]
[Date "2021.03.24"]
[Round "7.4"]
[White "Reinhold, Niels"]
[Black "Schmidt-Schaeffer, Sebastian"]
[Result "0-1"]
[WhiteElo "1537"]
[BlackElo "2344"]
[Annotator "TA"]
[PlyCount "76"]
[EventDate "2021.01.18"]
[EventType "team-tourn"]
[EventCountry "GER"]
[SourceTitle "playchess.com"]
[Source "ChessBase"]
[SourceQuality "1"]

1. d4 d5 2. Nf3 e6 3. Bf4 c5 4. e3 c4 5. b3 cxb3 6. axb3 Nf6 7. h3 a6 8. Bd3 h6 9. O-O Bd6 10. Ne5 O-O 11. c4 dxc4 12. bxc4 Bxe5 13. Bxe5 Nc6 14. Bh2 Re8 15. Nd2 Bd7 16. Nb3 e5 17. d5 Nb4 18. Be2 b5 19. Qd2 bxc4 20. Bxc4 Qb6 21. f4 exf4 22. Bxf4 Ne4 23. Qc1 Rac8 24. Na5 Nd3 25. Qc2 Nxf4 26. Rxf4 Qxe3+ 27. Rf2 Qxf2+ 28. Qxf2 Nxf2 29. Kxf2 Bb5 30. Bxb5 axb5 31. Nb7 Rc7 32. Nd6 Rd8 33. Nxb5 Rc2+ 34. Ke3 Rxd5 35. Ra8+ Kh7 36. Nd4 Rxg2 37. Ne2 Re5+ 38. Kf3 Rgxe2 0-1

[Event "DSOL 2021"]
[Site "Germany"]
[Date "2021.03.22"]
[Round "7.4"]
[White "Schrotti"]
[Black "Lin, Yi"]
[Result "0-1"]
[WhiteElo "1520"]
[BlackElo "1824"]
[Annotator "NA RC"]
[PlyCount "92"]
[EventDate "2021.01.18"]
[EventType "team-tourn"]
[EventCountry "GER"]
[SourceTitle "playchess.com"]
[Source "ChessBase"]
[SourceQuality "1"]

1. d4 d6 2. e4 Nf6 3. Nc3 Nbd7 4. Nf3 e5 5. dxe5 dxe5 6. Bg5 Be7 7. Bc4 O-O 8. Nd5 Nxd5 9. Qd2 N5f6 10. O-O-O Nxe4 11. Bxe7 Qxe7 12. Qe2 Nd6 13. Bb3 Kh8 14. h4 Nc5 15. Nxe5 Nxb3+ 16. axb3 Qf6 17. Nf3 Bg4 18. Qd3 Bxf3 19. gxf3 Rad8 20. h5 h6 21. Rdg1 Nf5 22. Qe4 Nd4 23. Rg3 Qf5 24. Qxf5 Nxf5 25. Rg4 Nd4 26. c3 Nxf3 27. Rh3 Ne5 28. Rgg3 f6 29. f4 Nf7 30. Rg6 Nd6 31. Rhg3 Nf5 32. Rg1 Rd7 33. R6g2 Rfd8 34. Rh1 Ne3 35. Rgg1 Rd2 36. Re1 Nf5 37. Rh3 Rf2 38. Re4 Rdd2 39. Re8+ Kh7 40. Rc8 Rc2+ 41. Kb1 Rxb2+ 42. Ka1 Rbe2 43. Rh1 Ra2+ 44. Kb1 Rfb2+ 45. Kc1 Ng3 46. Rd1 Ne2# 0-1

[Event "DSOL 2021"]
[Site "Germany"]
[Date "2021.03.24"]
[Round "7.4"]
[White "Lenhard, Alexander"]
[Black "Krumnow, Harald"]
[Result "1/2-1/2"]
[WhiteElo "1515"]
[BlackElo "1664"]
[Annotator "NA RC"]
[PlyCount "97"]
[EventDate "2021.01.18"]
[EventType "team-tourn"]
[EventCountry "GER"]
[SourceTitle "playchess.com"]
[Source "ChessBase"]
[SourceQuality "1"]

1. b4 e5 2. Bb2 Bxb4 3. Bxe5 Nf6 4. Nf3 d6 5. Bb2 c6 6. e3 Bg4 7. Be2 Ba5 8. c4 O-O 9. O-O Nbd7 10. Nc3 Bc7 11. Nd4 Bxe2 12. Ndxe2 Ne5 13. d4 Nxc4 14. Qb3 Nxb2 15. Qxb2 b5 16. Qc2 Re8 17. Ng3 Qd7 18. Rfe1 d5 19. Rac1 Rac8 20. Qb2 a6 21. Nce2 Bd6 22. Rc2 c5 23. dxc5 Rxc5 24. Rec1 Rxc2 25. Rxc2 Rc8 26. h3 b4 27. Rd2 Qe6 28. Qd4 Rc4 29. Qa7 Bf8 30. Nf4 Qc6 31. Nf5 Rc1+ 32. Kh2 g6 33. Nd4 Qd6 34. g3 Ne4 35. Re2 Nc3 36. Rb2 Ra1 37. Nd3 Nxa2 38. Nb3 Rd1 39. Nf4 Nc3 40. Qb7 Ne4 41. Rc2 g5 42. Ng2 Qf6 43. f4 gxf4 44. Nxf4 Nc3 45. Qd7 Qe5 46. Qg4+ Kh8 47. Rxc3 Qxc3 48. Qxd1 Qxe3 49. Qd4+ 1/2-1/2

[Event "DSOL 2021"]
[Site "Germany"]
[Date "2021.03.24"]
[Round "7.4"]
[White "Konrad, Alechander"]
[Black "Schleese, Wolfgang"]
[Result "1/2-1/2"]
[WhiteElo "1484"]
[BlackElo "1620"]
[Annotator "NA RC"]
[PlyCount "38"]
[EventDate "2021.01.18"]
[EventType "team-tourn"]
[EventCountry "GER"]
[SourceTitle "playchess.com"]
[Source "ChessBase"]
[SourceQuality "1"]

1. Nf3 d5 2. d4 c6 3. c4 Nf6 4. Nc3 Bf5 5. cxd5 cxd5 6. Bg5 e6 7. e3 Nc6 8. Be2 Be7 9. O-O O-O 10. a3 Rc8 11. Nh4 Bg6 12. Nxg6 hxg6 13. Rc1 a6 14. b4 Nh7 15. Bxe7 Qxe7 16. Qb3 f5 17. Qb1 Nf6 18. f3 e5 19. dxe5 Qxe5 1/2-1/2

[Event "DSOL 2021"]
[Site "Germany"]
[Date "2021.03.24"]
[Round "7.4"]
[White "Riess, Bernhard"]
[Black "Spriestersbach, Kai"]
[Result "0-1"]
[WhiteElo "1462"]
[BlackElo "1819"]
[Annotator "NA RC"]
[PlyCount "38"]
[EventDate "2021.01.18"]
[EventType "team-tourn"]
[EventCountry "GER"]
[SourceTitle "playchess.com"]
[Source "ChessBase"]
[SourceQuality "1"]

1. d4 Nf6 2. c4 e6 3. Nc3 Bb4 4. Bg5 c5 5. d5 d6 6. Nf3 O-O 7. e3 b5 8. a3 Bxc3+ 9. bxc3 Bb7 10. cxb5 Bxd5 11. Bxf6 Qxf6 12. Rc1 Nd7 13. c4 Bxf3 14. Qxf3 Qb2 15. Qd1 a6 16. Rc2 Qxa3 17. Bd3 axb5 18. cxb5 Ne5 19. Be4 Qb4+ 0-1

[Event "DSOL 2021"]
[Site "Germany"]
[Date "2021.03.25"]
[Round "7.4"]
[White "Stark, Amalia"]
[Black "Kasel, Alexander"]
[Result "0-1"]
[WhiteElo "1334"]
[BlackElo "1620"]
[Annotator "NA RC"]
[PlyCount "110"]
[EventDate "2021.01.18"]
[EventType "team-tourn"]
[EventCountry "GER"]
[SourceTitle "playchess.com"]
[Source "ChessBase"]
[SourceQuality "1"]

1. e4 c5 2. Nf3 e6 3. d4 cxd4 4. Nxd4 a6 5. Nc3 Qc7 6. a3 Nf6 7. Be2 Be7 8. O-O O-O 9. Be3 b5 10. Nf3 d6 11. Qd2 Bb7 12. Bd3 Nbd7 13. Rad1 Rfd8 14. Qe2 Nc5 15. Bxc5 dxc5 16. b3 Rac8 17. Qe1 c4 18. bxc4 bxc4 19. Be2 Nxe4 20. Rxd8+ Rxd8 21. Nxe4 Bxe4 22. Qc3 Bd5 23. Rd1 Bf6 24. Qe3 Rb8 25. Nd4 h6 26. c3 Bg5 27. Qg3 Qxg3 28. hxg3 Rb2 29. Bf3 Bd2 30. Ne2 Bxf3 31. gxf3 Bg5 32. Kf1 Ra2 33. Rd4 Ra1+ 34. Kg2 Rxa3 35. Rxc4 Ra2 36. Nf4 a5 37. Rc8+ Kh7 38. Nh3 Bf6 39. c4 a4 40. c5 a3 41. c6 Rc2 42. c7 a2 43. Ra8 a1=Q 44. c8=Q Rxc8 45. Rxc8 g5 46. Rc7 Kg6 47. f4 g4 48. Ng1 h5 49. Rc8 Bd4 50. Rg8+ Kh7 51. Rg5 Kh6 52. Ne2 Ba7 53. Re5 Qe1 54. Nd4 Qd2 55. Re2 Qxd4 0-1

[Event "DSOL 2021"]
[Site "Germany"]
[Date "2021.03.24"]
[Round "7.4"]
[White "Will, Patrick"]
[Black "Kotyk, Michael"]
[Result "0-1"]
[WhiteElo "1323"]
[BlackElo "1960"]
[Annotator "TA"]
[PlyCount "152"]
[EventDate "2021.01.18"]
[EventType "team-tourn"]
[EventCountry "GER"]
[SourceTitle "playchess.com"]
[Source "ChessBase"]
[SourceQuality "1"]

1. Nf3 f5 2. c4 Nf6 3. d4 g6 4. b4 Bg7 5. Bb2 d6 6. g3 O-O 7. Bg2 c6 8. Nbd2 e5 9. dxe5 Ng4 10. Qb3 Nxe5 11. c5+ Nf7 12. Bxg7 Kxg7 13. cxd6 Nxd6 14. O-O Qf6 15. Rad1 Be6 16. Qb1 Bd5 17. e3 Na6 18. Nd4 Nc7 19. a4 a6 20. N2b3 Bxg2 21. Kxg2 Nd5 22. Nc5 Rae8 23. Qb3 Rf7 24. b5 axb5 25. axb5 Ne4 26. Nxe4 Rxe4 27. bxc6 bxc6 28. Rc1 Rc7 29. Nxc6 Rxc6 30. Qxd5 Rce6 31. Rc7+ Re7 32. Rc8 Qe6 33. Qd8 Re8 34. Rc7+ Re7 35. Rfc1 Qf7 36. Rxe7 Rxe7 37. Rc8 Rd7 38. Qh8+ Kh6 39. h4 Qd5+ 40. Kh2 Qf3 41. Qf8+ Kh5 42. g4+ Qxg4 43. Qf6 Rd2 44. Qg5+ Qxg5 45. hxg5 Kxg5 46. Kg3 Rd7 47. Rc1 Re7 48. Rh1 h5 49. Rh4 Re4 50. Rh1 h4+ 51. Kg2 Ra4 52. f4+ Kg4 53. Re1 Ra2+ 54. Kh1 Kh3 55. e4 fxe4 56. Re3+ Kg4 57. Rxe4 Ra1+ 58. Kh2 Ra2+ 59. Kh1 Kg3 60. Re3+ Kxf4 61. Rb3 g5 62. Rb4+ Kg3 63. Rb3+ Kg4 64. Rb4+ Kh5 65. Rb3 Ra1+ 66. Kh2 Ra2+ 67. Kh1 Ra5 68. Kh2 g4 69. Rb2 Rf5 70. Kg2 h3+ 71. Kh2 Kh4 72. Ra2 g3+ 73. Kg1 h2+ 74. Kg2 Rf2+ 75. Kh1 Rf1+ 76. Kg2 h1=Q# 0-1

[Event "DSOL 2021"]
[Site "Germany"]
[Date "2021.03.25"]
[Round "7.4"]
[White "Farokhi, Darian"]
[Black "Rose, Daniel"]
[Result "1-0"]
[WhiteElo "1182"]
[BlackElo "1816"]
[Annotator "NA RC"]
[PlyCount "101"]
[EventDate "2021.01.18"]
[EventType "team-tourn"]
[EventCountry "GER"]
[SourceTitle "playchess.com"]
[Source "ChessBase"]
[SourceQuality "1"]

1. e4 d5 2. exd5 Qxd5 3. Nc3 Qa5 4. d4 Nf6 5. Nf3 Bg4 6. h3 Bh5 7. g4 Bg6 8. Ne5 Nbd7 9. Nc4 Qa6 10. Bf4 Qe6+ 11. Ne3 c6 12. Bc4 Nd5 13. Ncxd5 cxd5 14. Bxd5 Qb6 15. Nc4 Qd8 16. Bxb7 e5 17. Bxa8 Qxa8 18. O-O exf4 19. Qe2+ Kd8 20. Rfe1 f6 21. Qd2 Qd5 22. b3 Bd6 23. Nxd6 Qxd6 24. c4 Nc5 25. Qa5+ Qb6 26. Qxc5 Qxc5 27. dxc5 Kd7 28. Rad1+ Kc6 29. Re7 a5 30. Rxg7 Kxc5 31. Rb7 Be4 32. Rb5+ Kc6 33. Rxa5 f5 34. Rf1 fxg4 35. hxg4 Bf3 36. g5 Be2 37. Rc1 Rg8 38. Rc3 f3 39. Re3 h6 40. Re6+ Kd7 41. Rxh6 Bd3 42. Rd5+ Ke7 43. Rxd3 Rxg5+ 44. Kf1 Ra5 45. Re3+ Kd7 46. Rxf3 Rxa2 47. Rf7+ Ke8 48. Rb7 Ra1+ 49. Kg2 Rg1+ 50. Kxg1 Kf8 51. Rh8# 1-0